A good place for children? (Record no. 105073)
[ view plain ]
| 000 -LEADER | |
|---|---|
| fixed length control field | 01727cam a2200229 4500 |
| 001 - CONTROL NUMBER | |
| control field | ##L132266 |
| 008 - FIXED-LENGTH DATA ELEMENTS--GENERAL INFORMATION | |
| fixed length control field | 110922n2005 000 0 eng u |
| 020 ## - INTERNATIONAL STANDARD BOOK NUMBER | |
| International Standard Book Number | 1905018126 |
| 035 ## - SYSTEM CONTROL NUMBER | |
| System control number | (Sirsi) u132266 |
| 041 0# - LANGUAGE CODE | |
| Language code of text/sound track or separate title | eng |
| 050 04 - LIBRARY OF CONGRESS CALL NUMBER | |
| Classification number | 306.1 $2 18 |
| 100 1# - MAIN ENTRY--PERSONAL NAME | |
| Personal name | Silverman, Emily |
| 245 02 - TITLE STATEMENT | |
| Title | A good place for children? |
| Remainder of title | attracting and retaining families inner urban mixed income communities |
| 260 ## - PUBLICATION, DISTRIBUTION, ETC. | |
| Place of publication, distribution, etc. | Coventry |
| Name of publisher, distributor, etc. | Chartered Institute of Housing |
| -- | Joseph Rowntree Foundation |
| Date of publication, distribution, etc. | 2005 |
| 520 ## - SUMMARY, ETC. | |
| Summary, etc. | This Joseph Rowntree Foundation report examines the extent to which better-off families are being encouraged to live in Britain's inner cities and specifically whether they are moving to the Mixed Income New Communities (MINCs) that are becoming increasingly prevalent there. It argues that in the context of the current policy drive to revitalise cities as environments where people want to live, these MINCs - new housing developments incorporating both private and social housing - , represent an important opportunity to stem the long-standing drain of families with housing choice from inner urban areas. The study draws on four case studies of inner city MINCs, two in low-income areas in Glasgow and Manchester and two regenerated brownfield sites in London. Concludes that families with housing choice can be attracted into inner urban MINCs with the demand from locals and newcomers possibly greater than developers think. |
| 590 ## - LOCAL NOTE (RLIN) | |
| Local note | IKA310106 |
| 690 ## - LOCAL SUBJECT ADDED ENTRY--TOPICAL TERM (OCLC, RLIN) | |
| Topical term or geographic name as entry element | PROPERTY-RESIDENTIAL PROPERTY-RESIDENTIAL PROPERTY DEVELOPMENT |
| 700 1# - ADDED ENTRY--PERSONAL NAME | |
| Personal name | Lupton, Ruth |
| 700 1# - ADDED ENTRY--PERSONAL NAME | |
| Personal name | Fenton, Alex |
| 856 40 - ELECTRONIC LOCATION AND ACCESS | |
| Uniform Resource Identifier | <a href="https://www.jrf.org.uk/sites/files/jrf/1905018126.pdf">https://www.jrf.org.uk/sites/files/jrf/1905018126.pdf</a> |
| Public note | View the report free of charge at www.jrf.org.uk |
| 942 ## - ADDED ENTRY ELEMENTS (KOHA) | |
| Suppress in OPAC | 0 |
| Withdrawn status | Lost status | Source of classification or shelving scheme | Damaged status | Not for loan | Home library | Current library | Shelving location | Date acquired | Total Checkouts | Full call number | Barcode | Date last seen | Copy number | Price effective from | Koha item type |
|---|---|---|---|---|---|---|---|---|---|---|---|---|---|---|---|
| Dewey Decimal Classification | Virtual | Virtual | Online | 23/01/2006 | ONLINE PUBLICATION | 132266-2001 | 06/08/2019 | 1 | 06/08/2019 | Book |